000 00661nam a2200229 i 4500
001 bg
100 1 _aMATUSZEWICZ, Jan.
245 0 0 _aRozwiązania zadań do podręcznika "Rachunkowość od podstaw" /
_cJan Matuszewicz, Piotr Matuszewicz.
260 _aWarszawa :
_b"Finanse-Servis",
_c2001.
300 _a115 s. ;
_c24 cm.
650 9 _aRachunkowość
655 _aĆwiczenia i zadania
700 1 _aMATUSZEWICZ, Piotr
020 _a8386226447
040 _cBPK
041 0 _apl
080 _a657(07)
920 _a83-86226-44-7
942 _cKS
008 s pl f |000 0 pol
999 _c40056
_d40056
856 _uhttp://koha.tu.koszalin.pl/cgi-bin/koha/opac-detail.pl?biblionumber=40056
_yKatalog online BPK